Countries of the world NO MAP - Statistics

General Stats
  • This quiz has been taken 2,474 times
  • The average score is 170 of 196
Answer Stats
Answer % Correct
Canada
95%
Argentina
94%
Afghanistan
93%
Andorra
93%
Australia
93%
Austria
93%
Chile
93%
Finland
93%
Albania
92%
Algeria
92%
Belgium
92%
Brazil
92%
China
92%
France
92%
United KIngdom
92%
United States
92%
Belize
91%
Colombia
91%
Denmark
91%
India
91%
Ireland
91%
Mexico
91%
Angola
90%
Armenia
90%
Dem. Rep. of the Congo
90%
Dominican Republic
90%
El Salvador
90%
Estonia
90%
Germany
90%
Guatemala
90%
Iceland
90%
Indonesia
90%
Iran
90%
Japan
90%
Norway
90%
Russia
90%
Sweden
90%
Bahamas
89%
Barbados
89%
Bolivia
89%
Costa Rica
89%
Cuba
89%
Dominica
89%
Ecuador
89%
Guyana
89%
Haiti
89%
Honduras
89%
Iraq
89%
Jamaica
89%
Latvia
89%
Lithuania
89%
North Korea
89%
Panama
89%
Paraguay
89%
Spain
89%
Antigua and Barbuda
88%
Azerbaijan
88%
Bahrain
88%
Bulgaria
88%
Cambodia
88%
Croatia
88%
Czech Republic
88%
Egypt
88%
Fiji
88%
Greece
88%
Guinea
88%
Israel
88%
Laos
88%
Libya
88%
Liechtenstein
88%
Luxembourg
88%
Monaco
88%
Netherlands
88%
Pakistan
88%
Peru
88%
Poland
88%
Portugal
88%
Republic of the Congo
88%
Slovakia
88%
South Korea
88%
Uruguay
88%
Vatican City
88%
Zimbabwe
88%
Belarus
87%
Bhutan
87%
Bosnia and Herzegovina
87%
Chad
87%
Cyprus
87%
Hungary
87%
Kazakhstan
87%
Mali
87%
Morocco
87%
New Zealand
87%
Oman
87%
Qatar
87%
Slovenia
87%
St. Lucia
87%
Suriname
87%
Venezuela
87%
Yemen
87%
Benin
86%
Brunei
86%
Djibouti
86%
Eritrea
86%
Ethiopia
86%
Ghana
86%
Italy
86%
Kenya
86%
Kosovo
86%
Lebanon
86%
Nicaragua
86%
Niger
86%
Romania
86%
San Marino
86%
Serbia
86%
South Africa
86%
South Sudan
86%
St. Kitts and Nevis
86%
St. Vincent and the Grenadines
86%
Sudan
86%
United Arab Emirates
86%
Uzbekistan
86%
Vietnam
86%
Zambia
86%
Bangladesh
85%
Botswana
85%
Comoros
85%
Guinea Bissau
85%
Jordan
85%
Kuwait
85%
Lesotho
85%
Liberia
85%
Madagascar
85%
Malaysia
85%
Malta
85%
Mauritania
85%
Mauritius
85%
Mongolia
85%
Montenegro
85%
Nigeria
85%
Swaziland
85%
Switzerland
85%
Syria
85%
Thailand
85%
Togo
85%
Turkey
85%
Turkmenistan
85%
Ukraine
85%
Burundi
84%
Cameroon
84%
Equatorial Guinea
84%
Gambia
84%
Georgia
84%
Kyrgyzstan
84%
Marshall Islands
84%
Moldova
84%
Namibia
84%
Rwanda
84%
Saudi Arabia
84%
Singapore
84%
Somalia
84%
Tajikistan
84%
Cape Verde
83%
Central African Republic
83%
Côte d'Ivoire
83%
East Timor
83%
Fed. States of Micronesia
83%
Gabon
83%
Grenada
83%
Mozambique
83%
Myanmar
83%
Nepal
83%
Palau
83%
Senegal
83%
Solomon Islands
83%
Tonga
83%
Burkina Faso
82%
Maldives
82%
Nauru
82%
Papua New Guinea
82%
Samoa
82%
Seychelles
82%
Sri Lanka
82%
Taiwan
82%
Trinidad and Tobago
82%
Tunisia
82%
Uganda
82%
Kiribati
81%
Malawi
81%
Tanzania
81%
Tuvalu
81%
Vanuatu
81%
Philippines
80%
Sierra Leone
80%
Macedonia
79%
São Tomé and Príncipe
79%
No matching quizzes found
Score Distribution
Percent of People with Each Score
Percentile by Number Answered
Your Score History
You have not taken this quiz